Stegosaurus skeleton fossil (Record no. 169133)

MARC details
000 -LEADER
fixed length control field 00894nom a2200229 i 4500
001 - CONTROL NUMBER
control field 2-00343195
003 - CONTROL NUMBER IDENTIFIER
control field PPAK
005 - DATE AND TIME OF LATEST TRANSACTION
control field 20180819145015.0
008 - FIXED-LENGTH DATA ELEMENTS--GENERAL INFORMATION
fixed length control field 170827s -hka|||| ||||| | eng d
040 ## - CATALOGING SOURCE
Original cataloging agency PPAK
Language of cataloging eng
Transcribing agency PPAK
Description conventions rda
082 ## - DEWEY DECIMAL CLASSIFICATION NUMBER
Edition number 23
Classification number 967.9153
090 ## - LOCALLY ASSIGNED LC-TYPE CALL NUMBER (OCLC); LOCAL CALL NUMBER (RLIN)
Classification number (OCLC) (R) ; Classification number, CALL (RLIN) (NR) 967.9153
Local cutter number (OCLC) ; Book number/undivided call number, CALL (RLIN) STE
heading RK
245 00 - TITLE STATEMENT
Title Stegosaurus skeleton fossil
264 #1 - PRODUCTION, PUBLICATION, DISTRIBUTION, MANUFACTURE, AND COPYRIGHT NOTICE
Place of production, publication, distribution, manufacture Hong Kong, China:
Name of producer, publisher, distributor, manufacturer Dino Horizons of COG Ltd,
Date of production, publication, distribution, manufacture, or copyright notice [date of publication not identified]
300 ## - PHYSICAL DESCRIPTION
Other physical details colours
Dimensions 19 X 25 X 5cm
336 ## - CONTENT TYPE
Source three-dimensional form
Content type term text
-- still image
337 ## - MEDIA TYPE
Source unmediated
338 ## - CARRIER TYPE
Source object
Carrier type term volume
500 ## - GENERAL NOTE
General note Warning : Possible choking hazard to small parts, not suittable for children under 3 years old. Please keep packaging for future reference.
650 10 - SUBJECT ADDED ENTRY--TOPICAL TERM
Topical term or geographic name entry element Stegosaurus, Fossil - Juvenile literature. ; Dinosaur, Skeleton - Juvenile literature. ; Dinosaur - Juvenile literature.
942 ## - ADDED ENTRY ELEMENTS (KOHA)
Source of classification or shelving scheme Dewey Decimal Classification
Koha item type 3D Object
Holdings
Withdrawn status Lost status Source of classification or shelving scheme Damaged status Not for loan Home library Current library Shelving location Date acquired Source of acquisition Cost, normal purchase price Total Checkouts Full call number Barcode Date last seen Cost, replacement price Price effective from Koha item type Copy number
    Dewey Decimal Classification   Not For Loan Perpustakaan Alor Setar Perpustakaan Alor Setar Rujukan Kanak-kanak 30/08/2017 Kreatif Padu Marketing 40.50   RK 967.9153 STE A01544313 05/08/2018 40.50 05/08/2018 Kit 3D Object  
    Dewey Decimal Classification   Not For Loan Perpustakaan Awam Sungai Petani Perpustakaan Awam Sungai Petani Rujukan Kanak-kanak 07/09/2017 Jendela Informasi Sdn. Bhd. 0.00   RK 967.9153 STE A00731575 05/08/2018   05/08/2018 Kit 3D Object H034575